Essentials of managed health care / (Record no. 233)

000 -LEADER
fixed length control field 01958cam a22005054a 4500
001 - CONTROL NUMBER
control field 14530645
003 - CONTROL NUMBER IDENTIFIER
control field OSt
005 - DATE AND TIME OF LATEST TRANSACTION
control field 20210419053557.0
008 - FIXED-LENGTH DATA ELEMENTS--GENERAL INFORMATION
fixed length control field 060829s2007 maua b 001 0 eng
010 ## - LIBRARY OF CONGRESS CONTROL NUMBER
LC control number 2006028835
016 7# - NATIONAL BIBLIOGRAPHIC AGENCY CONTROL NUMBER
Record control number 101286209
Source DNLM
020 ## - INTERNATIONAL STANDARD BOOK NUMBER
International Standard Book Number 0763739839
020 ## - INTERNATIONAL STANDARD BOOK NUMBER
International Standard Book Number 9780763739836
035 ## - SYSTEM CONTROL NUMBER
System control number (OCoLC)ocm71243955
035 ## - SYSTEM CONTROL NUMBER
System control number (OCoLC)71243955
040 ## - CATALOGING SOURCE
Original cataloging agency DNLM/DLC
Transcribing agency DLC
Modifying agency NLM
-- BAKER
-- C#P
-- YDXCP
-- BTCTA
-- NLGGC
-- DLC
041 ## - LANGUAGE CODE
Language code of text/sound track or separate title eng
042 ## - AUTHENTICATION CODE
Authentication code pcc
050 00 - LIBRARY OF CONGRESS CALL NUMBER
Classification number RA413
Item number .E87 2007
060 00 - NATIONAL LIBRARY OF MEDICINE CALL NUMBER
Classification number 2007 F-355
060 10 - NATIONAL LIBRARY OF MEDICINE CALL NUMBER
Classification number W 130 AA1
Item number E7 2007
080 ## - UNIVERSAL DECIMAL CLASSIFICATION NUMBER
Universal Decimal Classification number 614
Item number K-72
082 00 - DEWEY DECIMAL CLASSIFICATION NUMBER
Classification number 362.1/04258
Edition number 22
084 ## - OTHER CLASSIFICATION NUMBER
Classification number 44.05
Number source bcl
084 ## - OTHER CLASSIFICATION NUMBER
Classification number 44.14
Number source bcl
245 00 - TITLE STATEMENT
Title Essentials of managed health care /
Statement of responsibility, etc. [edited by] Peter R. Kongstvedt.
250 ## - EDITION STATEMENT
Edition statement 5th ed.
260 ## - PUBLICATION, DISTRIBUTION, ETC.
Place of publication, distribution, etc. Sudbury, Mass. :
Name of publisher, distributor, etc. Jones and Bartlett Publishers,
Date of publication, distribution, etc. c2007.
300 ## - PHYSICAL DESCRIPTION
Extent xxi, 841 p. :
Other physical details ill. ;
Dimensions 26 cm.
365 ## - TRADE PRICE
Price amount 16.99 usd
500 ## - GENERAL NOTE
General note Rev. ed. of: The managed health care handbook. 4th ed. 2001. Also rev. ed. of: Essentials of managed health care. 4th ed. 2001.
504 ## - BIBLIOGRAPHY, ETC. NOTE
Bibliography, etc. note Includes bibliographical references and index.
650 #0 - SUBJECT ADDED ENTRY--TOPICAL TERM
Topical term or geographic name entry element Managed care plans (Medical care)
General subdivision Management.
650 12 - SUBJECT ADDED ENTRY--TOPICAL TERM
Topical term or geographic name entry element Managed Care Programs
General subdivision organization & administration
Geographic subdivision United States.
650 22 - SUBJECT ADDED ENTRY--TOPICAL TERM
Topical term or geographic name entry element Delivery of Health Care
General subdivision economics
Geographic subdivision United States.
653 ## - INDEX TERM--UNCONTROLLED
Uncontrolled term ჯანდაცვა
653 ## - INDEX TERM--UNCONTROLLED
Uncontrolled term ჯანმრთელობაზე ზრუნვა
653 ## - INDEX TERM--UNCONTROLLED
Uncontrolled term დაგეგმილი სამედიცინო მოვლა
700 1# - ADDED ENTRY--PERSONAL NAME
Personal name Kongstvedt, Peter R.
Fuller form of name (Peter Reid)
730 0# - ADDED ENTRY--UNIFORM TITLE
Uniform title Managed health care handbook.
856 41 - ELECTRONIC LOCATION AND ACCESS
Materials specified Table of contents only
Uniform Resource Identifier <a href="http://www.loc.gov/catdir/toc/ecip0620/2006028835.html">http://www.loc.gov/catdir/toc/ecip0620/2006028835.html</a>
906 ## - LOCAL DATA ELEMENT F, LDF (RLIN)
a 7
b cbc
c orignew
d 1
e ecip
f 20
g y-gencatlg
942 ## - ADDED ENTRY ELEMENTS (KOHA)
Source of classification or shelving scheme
Koha item type Books
Edition 5
Holdings
Withdrawn status Lost status Source of classification or shelving scheme Damaged status Not for loan Permanent location Current location Date acquired Inventory number Full call number Barcode Date last seen Price effective from Koha item type
          Ken Walker International University Ken Walker International University 11/13/2020 244 614 K-72 244 11/13/2020 11/13/2020 Books

Powered by Koha